000 00599nam a2200217Ia 4500
003 OSt
005 20220926001127.0
006 a|||||r|||| 00| 0
007 ta
008 220923b |||||||| |||| 00| 0 eng d
037 _cGeneral Book
040 _aRTL
_cRTL
_beng
041 _2eng
_aeng
082 _aV2,31p.N62, K2.11
245 0 _aLok Sabha Debates
_b third session
260 _a New Delhi
_bLok Sabha Secretariat
_c1962
300 _aiii; 4388-5396p.
_ccm.
490 _aThird Series
942 _hV2,31p.N62, K2.11
_cGB
_2CC
999 _c600605
_d600605